LDR 00904naa#a2200181#i#450# 001 RU\\bibl\19770 005 20260602211225.2 100 ## _a20260601b2026####ek#y0rusy0150####ca 102 ## _aRU 200 1# _aАНАЛИЗ ДИНАМИКИ ЧИСЛЕННОСТИ ОХОТНИЧЬИХ ВИДОВ ЖИВОТНЫХ В НАЦИОНАЛЬНОМ ПАРКЕ «КРЫМСКИЙ» _eСтатья/тезисы конференции 210 1# _aВоронеж _cВоронежский государственный лесотехнический университет имени Г.Ф. Морозова _d2026 215 ## _a5 с. 608 ## _aСтатья/тезисы конференции _2local 675 ## _aОрганизм и среда обитания. 574.2 _z 700 #1 _aМатыцина _gЕ. П. 700 #1 _aСеребряков _gО. В. 700 #1 _aЕршова _gСофья Олеговна 856 4# _abibl.vgltu.ru _u